000 01381cam a22003617a 4500
003 CHAP
005 20220817044002.0
008 050126d2004 mx ad r 00110 spa d
010 _a89431
011 _a90403
035 _a100959
040 _cCHAP
090 _aTesis
100 0 0 _aGómez Espinoza, José Antonio.
_949687
245 1 0 _aSaberes agrícolas tradicionales:
_brescate, sistematización e incorporación a las instituciones de enseñanza agrícola superior
_c/por José Antonio Gómez Espinoza
260 _aChapingo, Méx. :
_bEl autor,
_c2004
300 _a154 h. :
_bilus. ; gráfs. ; cuadros
502 _aTesis (Dr. en Educación Agrícola Superior) -- UACH. Departamento de Sociología Rural
590 _aALEPH
_b10
_c20130110
_lUCH01
_h1503
590 _aBATCH-UPD
_b10
_c20130110
_lUCH01
_h0449
590 _aBATCH-UPD
_b10
_c20130410
_lUCH01
_h0125
590 _aBATCH-UPD
_b10
_c20130914
_lUCH01
_h0014
590 _aCONVERSION
_b10
_c20130109
_lUCH01
_h1350
650 1 4 _aAgricultura tradicional.
_92029
650 1 4 _aEducación agrícola.
_935491
650 1 4 _aEducación superior.
650 1 4 _aSistemas de cultivo.
_9106746
901 _aBK
905 _aMarco A. Mendoza T.
942 _cFOLL
949 _aTesis
_bBC
_cTES
_d1009591
_eTS1
_gDonaciØn
_h43417
_i100959
_sb
949 _aTesis
_bBC
_cTES
_d33724000943692
_eTS2
_fc.2
_gDonaciØn
_h43418
_i100959
_si
999 _c89431
_d89431